| Record ID | ia:closeencountersw00cohe |
| Source | Internet Archive |
| Download MARC XML | https://archive.org/download/closeencountersw00cohe/closeencountersw00cohe_marc.xml |
| Download MARC binary | https://www.archive.org/download/closeencountersw00cohe/closeencountersw00cohe_meta.mrc |
LEADER: 00754cam 2200253Ia 4500
001 ocm05587580
003 OCoLC
005 20100825151017.0
008 791025s1979 nyu b 000 0 eng d
040 $aZTM$cZTM$dIXT$dOCLCQ$dOCLCG
020 $a0671817175 (pbk.) :$c$2.25
020 $a9780671817176 (pbk.)
035 $a(OCoLC)5587580
092 $a248.2
090 $aBL53$b.C65 1979
100 1 $aCohen, Daniel,$d1936-
245 10 $aClose encounters with God /$cDaniel Cohen.
260 $aNew York :$bPocket Books,$c1979.
300 $a223 p. ;$c18 cm.
504 $aIncludes bibliographical references (p. 221-223).
650 0 $aExperience (Religion)
650 0 $aSpiritual life.
994 $aZ0$bPMR
948 $hNO HOLDINGS IN PMR - 15 OTHER HOLDINGS